Autobuses Interurbanos Area de Sevilla - Estadísticas

Estadísticas generales
  • Esta prueba ha sido intentada 32 veces
  • La puntuación promedio es 45 de 69
Estadísticas de respuestas
Zona Línea Recorrido % Correcto
Oeste M-101 Circular Bormujos - Castilleja - Tomares - S Juan A - Mairena del Aljarafe (Sent. A)
84%
Oeste M-163 Circular Bormujos - Sevilla (Plaza de Armas)
84%
Norte M-112 San José de la Rinconada - Sevilla (Por La Rinconada)
80%
Norte M-112 La Rinconada - Sevilla (Directo)
80%
Oeste M-161 Circular Tomares - Sevilla
80%
Oeste M-164 Bormujos - Sevilla (Por Santa Eufemia) Servicio Nocturno
80%
Sur M-104 Alcalá de Guadaíra - Hospital de Valme
76%
Norte M-110 La Algaba - Sevilla
76%
Norte M-111 San José de la Rinconada - Sevilla (Por El Gordillo)
76%
Norte M-111 San José de la Rinconada - Sevilla (Directo, Ida)
76%
Norte M-115 Alcalá del Río - La Rinconada - Sevilla
76%
Norte M-115 Alcalá del Río - La Rinconada - San José de la Rinconada - Sevilla
76%
Este M-120 Sevilla (Torreblanca) - Alcalá de Guadaíra (San Rafael)
76%
Este M-121 Alcalá de Guadaíra - Sevilla (San Bernardo) y con Servicios Nocturnos
76%
Este M-122 Alcalá de Guadaíra - Sevilla (Directo)
76%
Este M-123 Alcalá de Guadaíra - Sevilla (Por Quintillo)
76%
Este M-126 El Viso del Alcor - Sevilla
76%
Oeste M-160 Gines - Sevilla
76%
Oeste M-162 Bormujos (Por Tomares) - Sevilla (Parque de Los Príncipes)
76%
Oeste M-105 Mairena del Aljarafe (Ciudad Expo) - Bormujos - Gines - Castilleja de Guzman - Valencina Salteras
72%
Este M-106 Carmona - El Viso - Mairena del Alcor - Alcalá de Guadaíra (Por M.Pineda)
72%
Este M-106 Carmona - El Viso - Mairena del Alcor - Alcalá de Guadaíra
72%
Oeste M-107 Aznalcollar - Hospital de Bormujos
72%
Este M-124 Carmona - Sevilla (Directo y por Aerópolis)
72%
Este M-124 Carmona - El Viso del Alcor - Sevilla
72%
Este M-124 Sevilla - Carmona - La Campana (Directo)
72%
Sur M-131 Dos Hermanas - Sevilla (Directo y por Hospital El Tomillar)
72%
Sur M-132 Dos Hermanas - Sevilla (Barriadas)
72%
Sur M-134 Los Palacios - Sevilla (Servicios directos por A-4)
72%
Sur M-134 Parcial Los Palacios - Hospital El Tomillar
72%
Oeste M-142 Coria del Río - Mairena del Aljarafe - Sevilla (Plaza de Armas)
72%
Oeste M-109 Bormujos - Mairena del Aljarafe (Metro Ciudad Expo)
68%
Norte M-114 Torre de la Reina - Sevilla
68%
Sur M-133 Dos Hermanas - Montequinto (por Olivar de Quintos y Echaguy) - Sevilla
68%
Oeste M-140 Puebla del Río - Coria del Río - Sevilla (Paseo de Las Delicias)
68%
Oeste M-141 Puebla del Río - Coria del Río - Sevilla (Plaza de Armas)
68%
Oeste M-143 Isla Mayor - Sevilla
68%
Oeste M-155 Almensilla - Sevilla (Plaza de Armas)
68%
Oeste M-157 Bollullos de la Mitación - Sevilla (Por Hospital de Bormujos y Tomares)
68%
Oeste M-158 Bollullos de la Mitación - Sevilla (Por Bormujos)
68%
Oeste M-159 Bollullos de la Mitación - Sevilla (Por A-49)
68%
Oeste M-165 Castilleja del Campo - Carrión de los Cespedes - Huevar del Aljarafe - Sevilla
68%
Oeste M-166 Sanlúcar la Mayor - Sevilla
68%
Oeste M-167 Villanueva del Ariscal - Sevilla
68%
Oeste M-168 Umbrete - Benacazón - Sevilla
68%
Oeste M-169 Villamanrique de la Condesa - Pilas - Sevilla
68%
Oeste M-151 Urbanización Puebla del Marqués - Sevilla
64%
Oeste M-152 Palomares del Río - Sevilla
64%
Oeste M-153 Almensilla (Por Puebla del Marques/Palomares) - Sevilla (Paseo de Las Delicias)
64%
Oeste M-154 Circular Sevilla - San Juan - Mairena - Tomares - Sevilla
64%
Oeste M-175 Albaida del Aljarafe - Olivares - Salteras - Valencina - Camas - Sevilla
64%
Oeste M-101B Circular Bormujos - Castilleja - Tomares - S Juan A (Cerro Sag.Corazon) - Mairena del Aljarafe (Sent. B)
60%
Oeste M-101B Circular Bormujos - Mairena del Aljarafe- S Juan A - Tomares - Castilleja (Sent. B)
60%
Oeste M-173 Circular Camas - Castilleja de la Cuesta
60%
Oeste M-174 Valencina de la Concepción - Camas - Sevilla
60%
Norte M-176 Aznalcóllar - Sevilla (Por Sanlúcar la Mayor o Gerena/Camas)
60%
Norte M-177 Guillena - Sevilla
56%
Oeste M-102A Circular Aljarafe (Sentido A)
52%
Oeste M-102B Circular Aljarafe (Sentido B)
52%
Oeste M-108B Circular San Juan de Aznalfarache - Tomares (Sentido B)
48%
Oeste M-108A Circular San Juan de Aznalfarache - Tomares (Sentido A)
44%
Este M-123B Alcalá de Guadaíra - Universidad Pablo de Olavide (UPO)
44%
Sur M-132B Dos Hermanas (Por Polígono La Isla y El Copero) - Fuente del Rey - Sevilla
40%
Oeste M-169B Villamanrique de la Condesa - Sanlúcar la Mayor
36%
Oeste M-170A Santiponce - Camas - Sevilla
36%
Sur M-130A Montequinto - Sevilla (Por UPO)
32%
Sur M-130B Montequinto - Sevilla (Por Olivar de Quintos)
32%
Norte M-170B Las Pajanosas (Guillena) - Santiponce - Sevilla
32%
Oeste M-173B Camas - San Juán de Aznalfarache (Metro S Juan Bajo)
28%
No se encontraron pruebas coincidentes
Distribución de puntuación
Porcentaje de gente con cada puntuación
Porcentaje por número respondido
Historial de tus puntuaciones
No has intentado esta prueba.